[Event "ICS rated bullet match"]
[Site "204.178.125.65"]
[Date "2000.11.27"]
[Round "?"]
[White "NJITchess"]
[Black "Hossa"]
[Result "0-1"]
[WhiteElo "1989"]
[BlackElo "2621"]
[PlyCount "100"]
[EventDate "2000.??.??"]

1. e4 c5 2. d3 e6 3. Nf3 d5 4. Be2 dxe4 5. dxe4 Qxd1+ 6. Bxd1 Nc6 7. O-O Bd6 8.
c3 Nf6 9. Nbd2 O-O 10. Re1 Bc7 11. Nb3 b6 12. h3 Rd8 13. Be2 h6 14. Bf1 Ne5 15.
Nxe5 Bxe5 16. f3 Bg3 17. Be3 Bxe1 18. Rxe1 Bb7 19. Kf2 g5 20. Ke2 Ba6+ 21. Kf2
Bxf1 22. Kxf1 e5 23. Ke2 Rac8 24. Nd2 c4 25. Nb1 Kg7 26. Rd1 Rxd1 27. Kxd1 Rd8+
28. Ke2 Ne8 29. Nd2 Nd6 30. Nf1 Kg6 31. Ng3 h5 32. Nf1 f6 33. Nd2 h4 34. Nf1 f5
35. exf5+ Nxf5 36. Bf2 Rd5 37. Ne3 Nxe3 38. Bxe3 Kf6 39. Bf2 Rb5 40. Be3 Rxb2+
41. Kf1 Rxa2 42. Bf2 Kf5 43. Be3 Rc2 44. Bf2 Rxc3 45. Be3 Rxe3 46. Kf2 Kf4 47.
g3+ hxg3+ 48. Kg2 Re2+ 49. Kg1 Kxf3 50. h4 Re1# {NJITchess checkmated} 0-1

[Event "ICS rated bullet match"]
[Site "204.178.125.65"]
[Date "2000.11.27"]
[Round "?"]
[White "Hossa"]
[Black "NJITchess"]
[Result "1-0"]
[WhiteElo "2622"]
[BlackElo "1980"]
[PlyCount "33"]
[EventDate "2000.??.??"]

1. e4 e5 2. Bc4 Nc6 3. Nf3 Nf6 4. d3 d5 5. exd5 Nxd5 6. Nc3 Nxc3 7. bxc3 Be7 8.
O-O O-O 9. Re1 Qd6 10. Rb1 Qg6 11. Nxe5 Nxe5 12. Rxe5 Bh3 13. Qf3 Bf6 14. Rc5
Bg4 15. Qxb7 Rab8 16. Qxb8 Rxb8 17. Rxb8+ {NJITchess resigns} 1-0

[Event "ICS rated bullet match"]
[Site "204.178.125.65"]
[Date "2000.11.27"]
[Round "?"]
[White "NJITchess"]
[Black "Hossa"]
[Result "0-1"]
[WhiteElo "1979"]
[BlackElo "2623"]
[PlyCount "76"]
[EventDate "2000.??.??"]

1. c3 c5 2. d4 cxd4 3. cxd4 Nf6 4. Nf3 g6 5. g3 Bg7 6. Bg2 d5 7. O-O O-O 8. Bg5
Ne4 9. Bf4 Nc6 10. Nbd2 Nxd4 11. Nxd4 e5 12. Bxe5 Bxe5 13. N4b3 Bxb2 14. Rb1
Nc3 15. Qc2 Nxe2+ 16. Kh1 Bg7 17. Rfe1 Bf5 18. Qd1 Nc3 19. Qf3 Nxb1 20. Rxb1
Bxb1 21. Nxb1 Qb6 22. N1d2 Rfe8 23. h4 Re1+ 24. Kh2 Rd8 25. h5 Qa6 26. Bf1 Rxf1
27. Nxf1 Qxf1 28. hxg6 hxg6 29. Nd2 Qa6 30. Kg2 Qxa2 31. Nf1 Bd4 32. Nh2 Qc2
33. Ng4 Kg7 34. Qf4 Qe4+ 35. Qxe4 dxe4 36. f3 f5 37. fxe4 fxg4 38. e5 Bxe5 {
NJITchess resigns} 0-1

[Event "ICS rated blitz match"]
[Site "204.178.125.65"]
[Date "2000.11.27"]
[Round "?"]
[White "taxadviser"]
[Black "Hossa"]
[Result "1/2-1/2"]
[WhiteElo "2463"]
[BlackElo "2532"]
[PlyCount "144"]
[EventDate "2000.??.??"]

1. d4 d5 2. c4 c6 3. Nf3 Nf6 4. Nc3 e6 5. Bg5 h6 6. Bxf6 Qxf6 7. e3 Nd7 8. Bd3
dxc4 9. Bxc4 g6 10. O-O Bg7 11. Rc1 Qe7 12. a3 O-O 13. h3 Rd8 14. Qe2 e5 15.
Rfd1 exd4 16. Nxd4 Nb6 17. Ba2 Bxd4 18. exd4 Qxe2 19. Nxe2 Kg7 20. Nc3 Be6 21.
Bxe6 fxe6 22. Ne4 Kf7 23. Nc5 Rab8 24. Rd3 Nd7 25. Ne4 Ke7 26. Re1 Ne5 27. Rdd1
Nc4 28. Nc5 Rd6 29. Re2 Kf7 30. Rde1 Re8 31. Nxb7 Rxd4 32. Nc5 e5 33. a4 Rd5
34. Rc2 Nxb2 35. Rb1 Nd3 36. Nxd3 Rxd3 37. Rxc6 Rd7 38. a5 Re6 39. Rbc1 Kf6 40.
Kf1 h5 41. Ke2 Rxc6 42. Rxc6+ Kf5 43. g3 Re7 44. Ke3 Rb7 45. f3 Rb3+ 46. Ke2
Ra3 47. a6 h4 48. gxh4 Ra2+ 49. Ke3 Ra4 50. Kf2 Rxh4 51. Rc7 Rxh3 52. Rxa7 Rh2+
53. Ke3 Ra2 54. Ra8 Ra3+ 55. Kf2 Kf6 56. Kg2 Kg7 57. Kf2 g5 58. Ke2 Kf6 59. Kf2
Kg6 60. a7 Kh7 61. Kg2 Kg7 62. Kf2 Kh7 63. Kg2 Kg7 64. Kf2 Kh7 65. Kg2 Kg7 66.
Kf2 Kh7 67. Kg2 Kg7 68. Kf2 Kh7 69. Kg2 Kg7 70. Kf2 Kh7 71. Kg2 Kg7 72. Kf2 Kh7
{Game drawn by repetition} 1/2-1/2

[Event "ICS rated bullet match"]
[Site "204.178.125.65"]
[Date "2000.11.27"]
[Round "?"]
[White "Hossa"]
[Black "twixer"]
[Result "0-1"]
[WhiteElo "2624"]
[BlackElo "2704"]
[PlyCount "142"]
[EventDate "2000.??.??"]

1. e4 c5 2. Nf3 d6 3. d4 cxd4 4. Nxd4 Nf6 5. Nc3 a6 6. Be3 e6 7. f4 b5 8. Bd3
Bb7 9. a3 Nbd7 10. Nb3 Be7 11. O-O O-O 12. Qf3 Qc7 13. Bd4 e5 14. Be3 Nb6 15.
Na5 exf4 16. Qxf4 Bc8 17. Bd4 Be6 18. Be2 Na4 19. Nxa4 bxa4 20. Bc3 Rfc8 21.
Rf2 Qb6 22. Bc4 Bxc4 23. e5 dxe5 24. Nxc4 Qa7 25. Nxe5 Bc5 26. Raf1 Nd5 27.
Qxa4 Bxf2+ 28. Rxf2 Nxc3 29. bxc3 Rab8 30. g3 Rb1+ 31. Kg2 Qa8+ 32. Kh3 Rb5 33.
Nxf7 Rh5+ 34. Kg4 Qd5 35. Qf4 Rc4 36. Qxc4 Qxc4+ 37. Kxh5 g6+ 38. Kg5 Qc5+ 39.
Ne5 Qxf2 40. Nxg6 Qc5+ 41. Kf4 hxg6 42. a4 Qxc3 43. Kg5 Qxc2 44. Kf6 Kh7 45.
Kf7 Qxh2 46. Ke6 Qxg3 47. a5 Qe5+ 48. Kxe5 Kh6 49. Kf4 Kh5 50. Ke4 g5 51. Kf3
Kh4 52. Kg2 Kg4 53. Kh2 Kf3 54. Kh3 g4+ 55. Kh2 Kf2 56. Kh1 Kg3 57. Kg1 Kh3 58.
Kf2 g3+ 59. Kf1 Kh2 60. Ke2 g2 61. Kf3 Kh1 62. Kg3 g1=Q+ 63. Kf4 Qc5 64. Ke4
Qxa5 65. Kd4 Qb5 66. Ke4 Kg2 67. Kf4 Qd5 68. Ke3 Kg3 69. Ke2 Qd4 70. Ke1 Kf3
71. Kf1 Qf2# {Hossa checkmated} 0-1

[Event "ICS rated bullet match"]
[Site "204.178.125.65"]
[Date "2000.11.27"]
[Round "?"]
[White "Hossa"]
[Black "explosiv-gent"]
[Result "1-0"]
[WhiteElo "2612"]
[BlackElo "2060"]
[PlyCount "101"]
[EventDate "2000.??.??"]

1. e4 e6 2. d4 Ne7 3. Nf3 d5 4. Bb5+ c6 5. Bd3 Nd7 6. O-O Nf6 7. e5 Ne4 8. Re1
f5 9. exf6 Nxf6 10. Ng5 Qd6 11. Qe2 Ng6 12. Nxe6 Bxe6 13. Qxe6+ Qxe6 14. Rxe6+
Kf7 15. Re1 Bd6 16. Bg5 Rae8 17. Nc3 h6 18. Bd2 Ng4 19. g3 h5 20. f3 Nf6 21.
Rxe8 Rxe8 22. Re1 h4 23. Rxe8 Nxe8 24. Kg2 Nf6 25. Bg5 hxg3 26. hxg3 Nh5 27.
Ne2 Ne7 28. c4 g6 29. c5 Bc7 30. Bxe7 Kxe7 31. Bxg6 Nf6 32. Bf5 b6 33. b4 a5
34. cxb6 Bxb6 35. bxa5 Bxa5 36. Nc1 Bb6 37. Nb3 Ne8 38. a4 Nd6 39. a5 Ba7 40.
Bd3 Nb5 41. Bxb5 cxb5 42. f4 b4 43. g4 Kd6 44. f5 Kc6 45. g5 Kb5 46. g6 Kc4 47.
Nd2+ Kd3 48. g7 Bxd4 49. g8=Q Kxd2 50. Qxd5 Kc3 51. Qxd4+ {
explosiv-gent resigns} 1-0

[Event "ICS rated blitz match"]
[Site "204.178.125.65"]
[Date "2000.11.27"]
[Round "?"]
[White "Hossa"]
[Black "sirezex"]
[Result "1-0"]
[WhiteElo "2529"]
[BlackElo "2206"]
[PlyCount "51"]
[EventDate "2000.??.??"]

1. e4 c5 2. Nf3 d6 3. d4 cxd4 4. Nxd4 Nf6 5. Nc3 a6 6. Be3 e5 7. Nb3 Be6 8. f3
Nbd7 9. Be2 Qc7 10. O-O Rc8 11. f4 Be7 12. f5 Bc4 13. Bxc4 Qxc4 14. Nd2 Qc7 15.
Qf3 O-O 16. Rfd1 h6 17. a3 b5 18. Qg3 Kh7 19. Rac1 Qb7 20. Bf2 Nb6 21. Qe3 Nc4
22. Nxc4 Rxc4 23. Re1 Rfc8 24. Qd3 Rxc3 25. bxc3 Nxe4 26. Qxe4 {sirezex resigns
} 1-0

[Event "ICS rated blitz match"]
[Site "204.178.125.65"]
[Date "2000.11.27"]
[Round "?"]
[White "Hossa"]
[Black "Younis-T"]
[Result "1-0"]
[WhiteElo "2533"]
[BlackElo "2064"]
[PlyCount "79"]
[EventDate "2000.??.??"]

1. e4 d6 2. d4 Nf6 3. Nc3 g6 4. Bg5 Bg7 5. Nf3 c6 6. Bd3 O-O 7. O-O Nbd7 8. Qd2
e5 9. a3 Qe7 10. dxe5 dxe5 11. Rfd1 Nc5 12. Bh6 Bg4 13. Bxg7 Kxg7 14. Qe3 Rad8
15. Be2 b6 16. b4 Bxf3 17. Qxf3 Ne6 18. Qh3 Nf4 19. Qe3 h5 20. f3 h4 21. Bf1
Nh7 22. Qf2 Rh8 23. Bc4 Ng5 24. Qe3 Nge6 25. Rd2 Nd4 26. Kh1 Qg5 27. Rad1 Rh5
28. a4 Rdh8 29. Nb1 Qf6 30. c3 Nde6 31. Rd7 Rg5 32. Rxa7 Rxg2 33. Bf1 Rg5 34.
Qxb6 h3 35. Qxc6 Rg2 36. Rdd7 Rf8 37. Qb7 Qg5 38. Rxf7+ Kg8 39. Rxf8+ Kxf8 40.
Qf7# {Younis-T checkmated} 1-0

[Event "ICS rated blitz match"]
[Site "204.178.125.65"]
[Date "2000.11.27"]
[Round "?"]
[White "Younis-T"]
[Black "Hossa"]
[Result "0-1"]
[WhiteElo "2062"]
[BlackElo "2535"]
[PlyCount "20"]
[EventDate "2000.??.??"]

1. e4 e6 2. d4 d5 3. Nd2 c5 4. exd5 exd5 5. dxc5 Bxc5 6. Ngf3 Nf6 7. Be2 Bxf2+
8. Kxf2 Ng4+ 9. Kg3 Qd6+ 10. Kh4 Ne3 {Younis-T resigns} 0-1

[Event "ICS rated blitz match"]
[Site "204.178.125.65"]
[Date "2000.11.27"]
[Round "?"]
[White "Hossa"]
[Black "Younis-T"]
[Result "1-0"]
[WhiteElo "2537"]
[BlackElo "2060"]
[PlyCount "57"]
[EventDate "2000.??.??"]

1. d4 Nf6 2. c4 d6 3. Nf3 g6 4. Nc3 Bg7 5. e4 O-O 6. Be2 c5 7. dxc5 Qa5 8. cxd6
Nxe4 9. dxe7 Re8 10. O-O Nxc3 11. bxc3 Rxe7 12. Bd2 Nc6 13. Nd4 Bd7 14. Re1
Rae8 15. Nb5 Bc8 16. Nd6 Rd8 17. Nxc8 Rxc8 18. Bg4 Rce8 19. Rxe7 Rxe7 20. Qc2
Ne5 21. Be2 Qc5 22. Be3 Qa5 23. Rc1 Nc6 24. Bf3 Rc7 25. Qb3 b6 26. c5 bxc5 27.
Bxc6 Rxc6 28. Qb8+ Bf8 29. Bh6 {Younis-T resigns} 1-0

[Event "ICS rated blitz match"]
[Site "204.178.125.65"]
[Date "2000.11.27"]
[Round "?"]
[White "Younis-T"]
[Black "Hossa"]
[Result "0-1"]
[WhiteElo "2058"]
[BlackElo "2539"]
[PlyCount "56"]
[EventDate "2000.??.??"]

1. e4 c5 2. d4 Nf6 3. e5 Ne4 4. d5 e6 5. d6 Nc6 6. Nf3 f5 7. Nbd2 Qa5 8. c3
Nxc3 9. Nb3 Nxd1+ 10. Nxa5 Nxf2 11. Kxf2 Nxa5 12. Bd2 b6 13. Bb5 Bb7 14. Bxa5
bxa5 15. Rac1 Rc8 16. Rc3 g6 17. Rhc1 Bh6 18. R1c2 a6 19. Bd3 Kf7 20. Rxc5 Rxc5
21. Rxc5 Rb8 22. Rc7 Ke8 23. b3 a4 24. Bc4 axb3 25. axb3 Bf4 26. Rc5 Bxf3 27.
gxf3 Bxh2 28. Ke3 Bg1+ {Younis-T resigns} 0-1

[Event "ICS rated bullet match"]
[Site "204.178.125.65"]
[Date "2000.11.27"]
[Round "?"]
[White "RubberSoul"]
[Black "Hossa"]
[Result "0-1"]
[WhiteElo "1979"]
[BlackElo "2613"]
[PlyCount "68"]
[EventDate "2000.??.??"]

1. e4 c5 2. c3 Nf6 3. e5 Nd5 4. d4 cxd4 5. cxd4 d6 6. f4 Nc6 7. Nf3 dxe5 8.
fxe5 e6 9. Bc4 Bb4+ 10. Bd2 Ne3 11. Qe2 Nc2+ 12. Kf1 Nxa1 13. Bxb4 Nxb4 14. a3
Nbc2 15. Nc3 Nxd4 16. Nxd4 Qxd4 17. Bb5+ Bd7 18. Bxd7+ Qxd7 19. Nb5 O-O 20. Nd6
f6 21. Kg1 Rad8 22. h3 fxe5 23. Nc4 Qd1+ 24. Qxd1 Rxd1+ 25. Kh2 Rxh1+ 26. Kxh1
e4 27. Ne5 e3 28. Nd3 Nc2 29. Kh2 e2 30. h4 Rd8 31. h5 Rxd3 32. b4 e1=Q 33. b5
Qh4+ 34. Kg1 Rd1# {RubberSoul checkmated} 0-1

[Event "ICS rated blitz match"]
[Site "204.178.125.65"]
[Date "2000.11.27"]
[Round "?"]
[White "Hossa"]
[Black "taxadviser"]
[Result "1-0"]
[WhiteElo "2537"]
[BlackElo "2457"]
[PlyCount "225"]
[EventDate "2000.??.??"]

1. e4 e6 2. d4 d5 3. Nd2 Nf6 4. e5 Nfd7 5. Bd3 b6 6. Ne2 Ba6 7. Bxa6 Nxa6 8.
Nf3 c5 9. O-O Be7 10. c3 b5 11. Be3 c4 12. Nf4 O-O 13. Nd2 b4 14. Qg4 g6 15.
Rfe1 Nc7 16. Nh5 Kh8 17. Bh6 Rg8 18. Ng3 a5 19. Nf3 Bf8 20. Ng5 Qe7 21. Qh3
Bxh6 22. Qxh6 Rg7 23. cxb4 axb4 24. Re3 Rf8 25. f4 Ra8 26. Kf1 Nb5 27. Ne2 Nf8
28. a3 bxa3 29. bxa3 Rxa3 30. Rexa3 Nxa3 31. Rc1 f6 32. exf6 Qxf6 33. Ra1 Qe7
34. Kg1 Qb4 35. Kf2 Qb2 36. Rd1 c3 37. Re1 Nb5 38. Kg1 Qd2 39. Nf3 Qe3+ 40. Kf1
c2 41. Rc1 Qd3 42. Ne1 Qe3 43. Nxc2 Qe4 44. Rb1 Qxc2 45. Rxb5 Kg8 46. Rb8 Rf7
47. Rd8 Qe4 48. g3 Qe3 49. Ke1 Qe4 50. Kf2 Qd3 51. Re8 Qe4 52. Rb8 Qd3 53. g4
Qe4 54. Rb3 Qc2 55. Rc3 Qb2 56. Rc8 Qb7 57. Re8 Qd7 58. Ra8 Qb7 59. Ra3 Qb2 60.
Re3 Qb6 61. Kf1 Qb1+ 62. Kg2 Qb6 63. Rc3 Qb2 64. Kf1 Qb1+ 65. Rc1 Qb3 66. Kf2
Qb2 67. Ke1 Qb6 68. Ra1 Qb2 69. Ra8 Qb7 70. Re8 Qd7 71. Rb8 Qc7 72. Rb5 Qc6 73.
Rb1 Qc2 74. Rb4 Qc6 75. Rb2 Qc7 76. Rb3 Qc6 77. Kf1 Qc7 78. Kg2 Qc6 79. Rb2 Qc7
80. Kg1 Qc6 81. Kh1 Qc7 82. Rd2 Qa5 83. Rd1 Qa2 84. Re1 Qd2 85. Qh4 Nd7 86. Kg1
Nf6 87. Kf1 Ne4 88. Rb1 Kg7 89. g5 Kf8 90. Rb8+ Ke7 91. Rb7+ Ke8 92. Rxf7 Kxf7
93. Qxh7+ Kf8 94. Qh6+ Kf7 95. Qh4 Qe3 96. Qe1 Qf3+ 97. Kg1 Kg7 98. Qf1 Qe3+
99. Kg2 Qd2 100. Qf3 Nc3 101. Qxc3 Qxe2+ 102. Kg3 Qe4 103. Qc7+ Kg8 104. Qe5
Qd3+ 105. Kh4 Qf5 106. Qxf5 exf5 107. Kg3 Kg7 108. Kf2 Kf7 109. Kf3 Ke6 110.
Ke3 Kd6 111. Kd2 Kc6 112. Kc3 Kb5 113. h4 {taxadviser resigns} 1-0

[Event "ICS rated blitz match"]
[Site "204.178.125.65"]
[Date "2000.11.27"]
[Round "?"]
[White "taxadviser"]
[Black "Hossa"]
[Result "0-1"]
[WhiteElo "2445"]
[BlackElo "2549"]
[PlyCount "58"]
[EventDate "2000.??.??"]

1. e4 c5 2. Nf3 Nc6 3. d4 cxd4 4. Nxd4 Nf6 5. Nc3 Qb6 6. Nb3 e6 7. Be3 Qc7 8.
Bd3 Bb4 9. O-O Bxc3 10. bxc3 d6 11. f4 O-O 12. Qe1 Ng4 13. Bd2 d5 14. e5 f5 15.
exf6 Nxf6 16. Qh4 Qb6+ 17. Kh1 Na5 18. Nxa5 Qxa5 19. Rf3 Ne4 20. Be1 Qa3 21.
Rh3 h6 22. Bxe4 Qb2 23. Rd1 dxe4 24. Rg3 Kh7 25. Qe7 Rg8 26. h3 Qxa2 27. c4
Qxc2 28. Bc3 Qxd1+ 29. Kh2 Qd7 {taxadviser resigns} 0-1

[Event "ICS rated bullet match"]
[Site "204.178.125.65"]
[Date "2000.11.28"]
[Round "?"]
[White "Hossa"]
[Black "Marpy1"]
[Result "1-0"]
[WhiteElo "2614"]
[BlackElo "2192"]
[PlyCount "49"]
[EventDate "2000.??.??"]

1. e4 c6 2. d4 d5 3. Nc3 dxe4 4. Nxe4 Nd7 5. Nf3 Ndf6 6. Neg5 e6 7. Bd3 Bd6 8.
O-O h6 9. Nh3 Ne7 10. Kh1 Qc7 11. c4 b6 12. Be3 Bb7 13. c5 bxc5 14. dxc5 Be5
15. Qe2 Ng4 16. Nxe5 Qxe5 17. Qxg4 O-O 18. Bxh6 f5 19. Qh4 gxh6 20. Qxe7 Rf7
21. Qh4 Rg7 22. Qxh6 Qxc5 23. Qxe6+ Kh8 24. Bxf5 Re8 25. Qxe8+ {Marpy1 resigns}
1-0

[Event "ICS rated blitz match"]
[Site "204.178.125.65"]
[Date "2000.11.28"]
[Round "?"]
[White "nureyev"]
[Black "Hossa"]
[Result "0-1"]
[WhiteElo "2041"]
[BlackElo "2562"]
[PlyCount "56"]
[EventDate "2000.??.??"]

1. d4 d5 2. c4 c6 3. Nc3 e6 4. Nf3 dxc4 5. a4 Bb4 6. e3 b5 7. Be2 Nf6 8. O-O
O-O 9. Qc2 a5 10. b3 cxb3 11. Qxb3 bxa4 12. Rxa4 Nbd7 13. Ba3 c5 14. d5 Nb6 15.
Bxb4 cxb4 16. Nb5 Nxa4 17. Qxa4 exd5 18. Rc1 Bg4 19. h3 Rc8 20. Rxc8 Bxc8 21.
Nbd4 Bd7 22. Qc2 Qc8 23. Qb1 Qc3 24. Ne5 Rc8 25. Nxd7 Nxd7 26. Kh2 Nf6 27. Nf5
Qc2 28. Qa1 Qxf5 {nureyev resigns} 0-1

[Event "ICS rated blitz match"]
[Site "204.178.125.65"]
[Date "2000.11.28"]
[Round "?"]
[White "nureyev"]
[Black "Hossa"]
[Result "0-1"]
[WhiteElo "2038"]
[BlackElo "2565"]
[PlyCount "86"]
[EventDate "2000.??.??"]

1. d4 d5 2. c4 c6 3. Nc3 e6 4. Nf3 dxc4 5. a4 Bb4 6. e3 b5 7. axb5 cxb5 8. Qc2
Nf6 9. Bd2 Qd7 10. b3 Bxc3 11. Bxc3 Ba6 12. bxc4 bxc4 13. Ne5 Qb7 14. Nxc4 Bxc4
15. Bxc4 Qxg2 16. Ke2 Ng4 17. Raf1 Nd7 18. Rhg1 Qc6 19. Rxg4 Qxc4+ 20. Qd3
Qxd3+ 21. Kxd3 Rg8 22. Rfg1 g6 23. e4 f6 24. d5 Ke7 25. Bb4+ Kf7 26. d6 Ne5+
27. Kd4 a5 28. Bc5 Nxg4 29. Rxg4 Rgc8 30. Rg1 Rab8 31. Ra1 Rb5 32. Rc1 Ke8 33.
Ba3 e5+ 34. Kd3 Rb3+ 35. Kd2 Rxc1 36. Bxc1 Kd7 37. Kc2 Rh3 38. Be3 Rxh2 39. Kb3
Rh3 40. Ka4 Rxe3 41. fxe3 Kxd6 42. Kxa5 h5 43. Kb4 h4 {nureyev resigns} 0-1

[Event "ICS rated blitz match"]
[Site "204.178.125.65"]
[Date "2000.11.28"]
[Round "?"]
[White "Hossa"]
[Black "nureyev"]
[Result "1-0"]
[WhiteElo "2566"]
[BlackElo "2037"]
[PlyCount "47"]
[EventDate "2000.??.??"]

1. e4 c5 2. Nf3 d6 3. d4 cxd4 4. Nxd4 Nf6 5. Nc3 a6 6. Be3 Ng4 7. Bg5 h6 8. Bh4
g5 9. Bg3 Bg7 10. Be2 h5 11. Bxg4 Bxg4 12. f3 Bd7 13. Bf2 Nc6 14. O-O O-O 15.
Qd2 e6 16. Nxc6 Bxc6 17. Bd4 Bxd4+ 18. Qxd4 d5 19. Rad1 dxe4 20. Qc5 Qc7 21.
Qxg5+ Kh8 22. Qxh5+ Kg8 23. Qg5+ Kh8 24. fxe4 {nureyev resigns} 1-0

[Event "ICS rated blitz match"]
[Site "204.178.125.65"]
[Date "2000.11.28"]
[Round "?"]
[White "nureyev"]
[Black "Hossa"]
[Result "0-1"]
[WhiteElo "2036"]
[BlackElo "2567"]
[PlyCount "36"]
[EventDate "2000.??.??"]

1. e4 c5 2. Nf3 Nc6 3. d4 cxd4 4. Nxd4 Nf6 5. Nc3 Qb6 6. Nb3 e6 7. Be3 Qc7 8.
Bd3 Bb4 9. O-O Bxc3 10. bxc3 d5 11. exd5 Nxd5 12. Bd2 Ne5 13. c4 Nxc4 14. Bxc4
Qxc4 15. Qf3 Qxc2 16. Rfe1 O-O 17. Rac1 Qxa2 18. Nd4 Qxd2 {nureyev resigns} 0-1

[Event "ICS rated blitz match"]
[Site "204.178.125.65"]
[Date "2000.11.28"]
[Round "?"]
[White "Hossa"]
[Black "nureyev"]
[Result "1-0"]
[WhiteElo "2568"]
[BlackElo "2035"]
[PlyCount "35"]
[EventDate "2000.??.??"]

1. e4 e5 2. Bc4 Nf6 3. d3 Bc5 4. Nc3 d6 5. f4 c6 6. fxe5 dxe5 7. Nf3 Nbd7 8. a3
O-O 9. b4 Bb6 10. Bg5 h6 11. Bh4 Re8 12. Na4 Bc7 13. Bb3 Nf8 14. O-O Ng6 15.
Bxf6 Qxf6 16. Nxe5 Qxf1+ 17. Qxf1 Nxe5 18. d4 {nureyev resigns} 1-0

[Event "ICS rated blitz match"]
[Site "204.178.125.65"]
[Date "2000.11.28"]
[Round "?"]
[White "nureyev"]
[Black "Hossa"]
[Result "0-1"]
[WhiteElo "2034"]
[BlackElo "2569"]
[PlyCount "22"]
[EventDate "2000.??.??"]

1. d4 d5 2. c4 c6 3. Nc3 e6 4. Nf3 dxc4 5. a4 Bb4 6. e3 b5 7. Bd2 Nf6 8. b3 Nd5
9. Rc1 Qa5 10. Nxd5 exd5 11. axb5 c3 {nureyev resigns} 0-1

[Event "ICS rated bullet match"]
[Site "204.178.125.65"]
[Date "2000.11.28"]
[Round "?"]
[White "explosiv-gent"]
[Black "Hossa"]
[Result "0-1"]
[WhiteElo "2059"]
[BlackElo "2617"]
[PlyCount "66"]
[EventDate "2000.??.??"]

1. e4 c5 2. d4 Nf6 3. Nf3 Nxe4 4. Bd3 d5 5. dxc5 Nxc5 6. O-O Nxd3 7. Qxd3 e6 8.
Nc3 Be7 9. Re1 Nc6 10. Bf4 f6 11. Rad1 Qb6 12. Na4 Qb4 13. c4 Qxa4 14. cxd5
Qxf4 15. dxc6 bxc6 16. Nd4 O-O 17. Nxc6 Bc5 18. Re2 Qa4 19. b3 Qxc6 20. Rc1
Bxf2+ 21. Kxf2 Qxc1 22. Qf3 Bd7 23. g3 Rac8 24. Qd3 Rfd8 25. Qe4 Rc5 26. Re1
Qc2+ 27. Re2 Qxe4 28. Rxe4 Rc2+ 29. Kf3 Bc6 30. Ke3 Rc3+ 31. Kf4 Bxe4 32. Kxe4
Rcd3 33. h4 R8d4# {explosiv-gent checkmated} 0-1

[Event "ICS rated bullet match"]
[Site "204.178.125.65"]
[Date "2000.11.28"]
[Round "?"]
[White "Hossa"]
[Black "explosiv-gent"]
[Result "1-0"]
[WhiteElo "2618"]
[BlackElo "2058"]
[PlyCount "49"]
[EventDate "2000.??.??"]

1. e4 e6 2. d4 d5 3. Nd2 Nf6 4. e5 Nfd7 5. Bd3 c5 6. c3 Nc6 7. Ne2 Qb6 8. Nf3
Qa5 9. O-O b5 10. dxc5 b4 11. Ned4 Bb7 12. Bb5 Nxd4 13. Bxd7+ Kxd7 14. cxd4 Be7
15. Ng5 f6 16. Nf7 Rhf8 17. exf6 gxf6 18. Qh5 b3 19. Bh6 Qb4 20. Bxf8 Rxf8 21.
Rfd1 bxa2 22. Rxa2 Qb3 23. Rxa7 Kc6 24. Qe2 Qb5 25. Qxe6+ {
explosiv-gent resigns} 1-0

[Event "ICS rated bullet match"]
[Site "204.178.125.65"]
[Date "2000.11.28"]
[Round "?"]
[White "explosiv-gent"]
[Black "Hossa"]
[Result "0-1"]
[WhiteElo "2057"]
[BlackElo "2619"]
[PlyCount "46"]
[EventDate "2000.??.??"]

1. e4 e6 2. d4 d5 3. Nc3 Bb4 4. e5 c5 5. a3 Bxc3+ 6. bxc3 Ne7 7. f4 Bd7 8. Nf3
Ba4 9. Be2 Qa5 10. O-O Qxc3 11. Rb1 Bxc2 12. Qd2 Qxd2 13. Bxd2 Bxb1 14. Rxb1 b6
15. dxc5 bxc5 16. Rb7 c4 17. Bb4 Nd7 18. Nd4 Ng6 19. Nc6 Nxf4 20. Bf3 a6 21.
Rc7 Nd3 22. Ne7 Nxb4 23. axb4 Kxe7 {explosiv-gent resigns} 0-1

[Event "ICS rated bullet match"]
[Site "204.178.125.65"]
[Date "2000.11.28"]
[Round "?"]
[White "Hossa"]
[Black "explosiv-gent"]
[Result "1-0"]
[WhiteElo "2620"]
[BlackElo "2056"]
[PlyCount "63"]
[EventDate "2000.??.??"]

1. d4 e6 2. Nf3 d5 3. Bg5 Be7 4. Bxe7 Nxe7 5. e3 O-O 6. Bd3 Ng6 7. Na3 Nd7 8.
c3 a6 9. O-O c5 10. b4 c4 11. Bxg6 fxg6 12. Rc1 Qc7 13. Qd2 b5 14. Ra1 Bb7 15.
Ng5 Qd6 16. f4 h6 17. Nf3 Bc6 18. Qc2 a5 19. Qxg6 Rf6 20. Qc2 axb4 21. Nb1 b3
22. Qe2 b4 23. Ne5 bxa2 24. Rxa2 Rxa2 25. Qxa2 b3 26. Qa6 Nxe5 27. dxe5 Qc5 28.
exf6 gxf6 29. Qc8+ Kg7 30. Qxe6 b2 31. Rf3 Qa5 32. Rg3+ {explosiv-gent resigns}
1-0

[Event "ICS rated bullet match"]
[Site "204.178.125.65"]
[Date "2000.11.28"]
[Round "?"]
[White "RubberSoul"]
[Black "Hossa"]
[Result "0-1"]
[WhiteElo "1926"]
[BlackElo "2621"]
[PlyCount "27"]
[EventDate "2000.??.??"]

1. e4 c5 2. c3 Nf6 3. e5 Nd5 4. d4 cxd4 5. cxd4 d6 6. f4 Nc6 7. Nf3 dxe5 8.
fxe5 e6 9. Nc3 Bb4 10. Qd3 f6 11. exf6 gxf6 12. Be2 Qc7 13. Bd2 Nf4 14. d5 {
RubberSoul resigns} 0-1

[Event "ICS rated blitz match"]
[Site "204.178.125.65"]
[Date "2000.11.28"]
[Round "?"]
[White "nureyev"]
[Black "Hossa"]
[Result "0-1"]
[WhiteElo "2036"]
[BlackElo "2571"]
[PlyCount "32"]
[EventDate "2000.??.??"]

1. d4 d5 2. c4 c6 3. cxd5 cxd5 4. Nc3 Nf6 5. Nf3 Nc6 6. g3 Bf5 7. a3 e6 8. Bg2
Bd6 9. Bf4 Bxf4 10. gxf4 Qb6 11. Na4 Qc7 12. O-O Qxf4 13. e3 Qd6 14. Rc1 O-O
15. Nh4 Ng4 16. Nxf5 Qxh2# {nureyev checkmated} 0-1

[Event "ICS rated blitz match"]
[Site "204.178.125.65"]
[Date "2000.11.28"]
[Round "?"]
[White "Hossa"]
[Black "nureyev"]
[Result "1-0"]
[WhiteElo "2574"]
[BlackElo "2033"]
[PlyCount "41"]
[EventDate "2000.??.??"]

1. e4 c5 2. c3 d5 3. exd5 Qxd5 4. d4 Nc6 5. Nf3 Bg4 6. dxc5 e6 7. Qxd5 exd5 8.
Be3 Bxf3 9. gxf3 Nf6 10. Na3 a5 11. Nb5 O-O-O 12. O-O-O Nd7 13. Rxd5 Be7 14.
Nd6+ Bxd6 15. cxd6 Nf6 16. Bh3+ Kb8 17. Rdd1 Ne8 18. Rhg1 g6 19. d7 Nf6 20.
Bf4+ Ka8 21. Bg5 {nureyev resigns} 1-0

[Event "ICS rated blitz match"]
[Site "204.178.125.65"]
[Date "2000.11.28"]
[Round "?"]
[White "Hossa"]
[Black "nureyev"]
[Result "1-0"]
[WhiteElo "2576"]
[BlackElo "2031"]
[PlyCount "42"]
[EventDate "2000.??.??"]

1. e4 c5 2. Nf3 d6 3. d4 cxd4 4. Nxd4 Nf6 5. Nc3 a6 6. Be3 Ng4 7. Bg5 h6 8. Bh4
g5 9. Bg3 Bg7 10. Be2 h5 11. Bxg4 hxg4 12. Qd2 Nc6 13. Nb3 f6 14. O-O-O Be6 15.
Nd5 Rc8 16. Kb1 a5 17. Qe2 Nb4 18. Nd4 Bxd5 19. exd5 Kf7 20. Qe6+ Kf8 21. Qxg4
Qc7 {nureyev resigns} 1-0

[Event "ICS rated blitz match"]
[Site "204.178.125.65"]
[Date "2000.11.28"]
[Round "?"]
[White "Valg"]
[Black "Hossa"]
[Result "1-0"]
[WhiteElo "2834"]
[BlackElo "2577"]
[PlyCount "123"]
[EventDate "2000.??.??"]

1. e4 c5 2. Nf3 Nc6 3. d4 cxd4 4. Nxd4 Nf6 5. Nc3 Qb6 6. Nb3 e6 7. Bd3 Bb4 8.
O-O O-O 9. Bg5 Bxc3 10. bxc3 Qd8 11. Qf3 d6 12. Qg3 e5 13. c4 b6 14. f4 Nh5 15.
Qh4 f6 16. Qxh5 fxg5 17. fxg5 Be6 18. g6 hxg6 19. Qxg6 Bf7 20. Qg4 Qc8 21. Qg5
Qd8 22. Qxd8 Nxd8 23. Rf2 a5 24. Nd2 Ne6 25. Rb1 Rab8 26. Nf3 Rb7 27. Nh4 g6
28. Rf6 Kg7 29. Rbf1 Re7 30. R6f2 Nf4 31. Nf3 Kh6 32. Rb1 Rb7 33. Bf1 Ne6 34.
Rd2 Rd8 35. g3 Nc5 36. Nxe5 Nxe4 37. Rd4 Re8 38. Nxf7+ Rxf7 39. Rxb6 Kh5 40.
Bd3 Rfe7 41. Rb5+ Kh6 42. Rxa5 Nf6 43. Rxd6 Rf8 44. Raa6 Ref7 45. a4 Kh5 46. c5
g5 47. Bc4 Ne4 48. Be2+ Rf3 49. Rd4 g4 50. Rxe4 Kg5 51. Bxf3 Rxf3 52. Re5+ Rf5
53. Rxf5+ Kxf5 54. Rh6 Kg5 55. Re6 Kf5 56. Re3 Kf6 57. c6 Kf5 58. c7 Kf6 59.
c8=Q Kg6 60. Qg8+ Kh5 61. Qe6 Kg5 62. Re5# {Hossa checkmated} 1-0